Paralleľnyje vyčisliteľnyje struktury na osnove rozriadnych metodov vyčislenij /

Na minha lista:
Detalhes bibliográficos
Main Authors: Jevdokimov, V.F (Author), Stasiuk, A.I (Author)
Formato: Livro
Idioma:russo
Publicado em: Kijev : Naukova dumka, 1987
Tags: Adicionar Tag
Sem tags, seja o primeiro a adicionar uma tag!

MARC

LEADER 00000nam a22000003a 4500
001 stu4763
005 20150617225811.6
008 931105s1987----xxr-----------------rus-d
040 |a STU  |b slo 
041 0 |a rus 
044 |a xxr 
080 |a 681.325.013 
100 1 |a Jevdokimov, V.F  |4 aut 
245 1 |a Paralleľnyje vyčisliteľnyje struktury na osnove rozriadnych metodov vyčislenij /  |c [aut.] Jevdokimov,V.F.; Stasiuk,A.I 
260 |a Kijev :  |b Naukova dumka,  |c 1987 
300 |a 310 s 
700 1 |a Stasiuk, A.I  |4 aut 
996 |b E64977  |c E*64977  |l EE03  |s P  |a 0  |w stu4763_0001